Technological evaluation of the tyre rubber (Record no. 70341)

MARC details
000 -LEADER
fixed length control field 00355nam a2200121Ia 4500
100 ## - MAIN ENTRY--AUTHOR NAME
Personal name Weng S S
245 #0 - TITLE STATEMENT
Title Technological evaluation of the tyre rubber
260 ## - PUBLICATION, DISTRIBUTION, ETC. (IMPRINT)
Name of publisher Proceedings of the RRIM Planters Conference, Kuala Lumpur, 1972; p219-245
650 ## - SUBJECT ADDED ENTRY--TOPICAL TERM
Topical Term Tyre rubber
700 ## - ADDED ENTRY--PERSONAL NAME
Personal name Keon L K
942 ## - ADDED ENTRY ELEMENTS (KOHA)
Koha item type Journals
Holdings
Withdrawn status Lost status Damaged status Not for loan Home library Current library Shelving location Date acquired Koha item type
      Journals RRII Library RRII Library Rubber general 17/12/2021 Journals